=LDR 00000nam 2200000 4500 =001 INLIS000000000060041 =005 20211229014543 =035 ##$$a 0010-1221000268 =007 ta =008 211229###########################0#ind## =020 ##$$a 978-602-8006-01-9 =082 ##$$a R.352.283 =084 ##$$a R.352.283 Ind p =245 ##$$a Pembagian Urusan Pemerintah, Pemerintah Daerah Provinsi, dan Pemerintah Daerah Kabupaten/Kota (PP.No.38 Tahun 2007 ) =300 ##$$a xxxxiii,855 halaman ; $c 21 cm. =650 #4$$a DisentralisasiDalam Pemerintahan =264 ##$$a Semarang :$b Duta nusindo,$c 2007 =336 ##$$a teks$2 rdacontent =337 ##$$a lain-lain$2 rdamedia =338 ##$$a lain-lain$2 rdacarrier =990 ##$$a 38383838